Exploration of the tourism potential of Almaty region and Almaty city concerning its diversified tourism product features

Bibliographic Details
Main Author: Turarkyzy Meruyert
Other Authors: Szekely Mr Gyorgy
Format: Thesis
Kulcsszavak:Tourism potential
Almaty region
Kazakhstan
Online Access:http://dolgozattar.uni-bge.hu/7461

MARC

LEADER 00000nta a2200000 i 4500
001 dolg7461
005 20180919143416.0
008 160530suuuu hu om 000 eng d
040 |a BGE Dolgozattár Repozitórium  |b hun 
041 |a en 
100 1 |a Turarkyzy Meruyert 
245 1 0 |a Exploration of the tourism potential of Almaty region and Almaty city concerning its diversified tourism product features  |c Turarkyzy Meruyert  |h [elektronikus dokumentum] 
695 |a Tourism potential 
695 |a Almaty region 
695 |a Kazakhstan 
700 1 |a Szekely Mr Gyorgy  |e ths 
856 4 0 |u http://dolgozattar.uni-bge.hu/7461/1/Dissertation%20Turarkyzy%20Meruyert%20YAIAHJ.pdf  |z Dokumentum-elérés